00952nab a22002297a 4500003000400000005001700004008004100021040000700062100002800069245006600097260007300163300001500236500003600251505009100287505008100378650001800459650002900477650002300506650002600529650001700555773015000572OSt20260219134646.0190429b xxu||||| |||| 00| 0 spa d cPJ aManonellas, Graciela N.13aLa salud mental y el proceso penal /cGraciela N. Manonellas. cCiudad Autónoma de Buenos Aires :aThomson Reuters La Ley, b2024. ap. 110-114 aCita: TR LALEY AR/DOC/2564/2023 aSumario: I. El tema.— II. Debate oral.— III. La resolución.— IV. Conclusiones. tSi te interesa el texto completo, solicitalo a koha@justierradelfuego.gov.ar 0aDERECHO PENAL 0aREGIMEN PENAL TRIBUTARIO 0aDERECHO TRIBUTARIO 0aENTIDADES FINANCIERAS 0aSALUD MENTAL0 02658tRevista de derecho penal y criminología. Nº 8 - Agosto 2024dCiudad Autónoma de Buenos Aires : Thomson Reuters La Ley, 2017-x00347914